000 00215 a2200097 4500
001 53215
100 _aS Hashim Raza
245 _aMission to Iran
260 _aLahore
_bVanguard Books Ltd
_c
090 _c33501
_d33501
942 _aNUST-CAE
_cM
_c26116
999 _c288288
_d288288